Daniel Craig Movies - Statistics

General Stats
  • This quiz has been taken 23 times
  • The average score is 9 of 18
Answer Stats
Release Year Costars Movie % Correct
2012 Javier Bardem, Naomie Harris Skyfall
100%
2021 Ana de Armas, Rami Malek No Time To Die
95%
2006 Eva Green, Mads Mikkelsen Casino Royale
90%
2008 Olga Kurylenko, Judi Dench Quantum of Solace
90%
2015 Christoph Waltz, Lea Seydoux Spectre
90%
2019 Ana de Armas, Chris Evans Knives Out
75%
2011 Rooney Mara, Stellan Skarsgard The Girl with the Dragon Tattoo
70%
2004 Sienna Miller, Michael Gambon Layer Cake
50%
2022 Edward Norton, Kate Hudson Glass Onion: A Knives Out Mystery
35%
2011 Harrison Ford, Sam Rockwell Cowboys & Aliens
30%
2001 Angelina Jolie, Jon Voight Lara Croft: Tomb Raider
30%
2002 Tom Hanks, Paul Newman Road to Perdition
30%
2007 Nicole Kidman, Ian McKellen The Golden Compass
30%
2005 Eric Bana, Geoffrey Rush Munich
25%
2011 Naomi Watts, Taylor Geare Dream House
15%
2011 Andy Serkis, Simon Pegg The Adventures of Tintin
15%
2005 Adrien Brody, Keira Knightley The Jacket
15%
2008 Liev Schreiber, Jamie Bell Defiance
5%
No matching quizzes found
Score Distribution
Percent of People with Each Score
Percentile by Number Answered
Your Score History
You have not taken this quiz